Technology Mgt. and Development of Nations (Record no. 3846)
[ view plain ]
| 000 -LEADER | |
|---|---|
| fixed length control field | 00434nam a2200169Ia 4500 |
| 008 - FIXED-LENGTH DATA ELEMENTS--GENERAL INFORMATION | |
| fixed length control field | 151213s9999 xx 000 0 und d |
| 020 ## - INTERNATIONAL STANDARD BOOK NUMBER | |
| International Standard Book Number | 984-809-009-6 |
| 100 ## - MAIN ENTRY--PERSONAL NAME | |
| Personal name | M. Anwarul Azim |
| 245 ## - TITLE STATEMENT | |
| Title | Technology Mgt. and Development of Nations |
| Statement of responsibility, etc. | M. Anwarul Azim |
| 250 ## - EDITION STATEMENT | |
| Edition statement | 1st |
| 260 ## - PUBLICATION, DISTRIBUTION, ETC. (IMPRINT) | |
| Place of publication, distribution, etc. | Dhaka |
| Name of publisher, distributor, etc. | U G C |
| Date of publication, distribution, etc. | 2002 |
| 300 ## - PHYSICAL DESCRIPTION | |
| Extent | 7236 p. |
| 650 ## - SUBJECT ADDED ENTRY--TOPICAL TERM | |
| Topical term or geographic name as entry element | Management |
| 650 ## - SUBJECT ADDED ENTRY--TOPICAL TERM | |
| Topical term or geographic name as entry element | Technology Mgt |
| 700 ## - ADDED ENTRY--PERSONAL NAME | |
| Personal name | M. Anwarul Azim |
No items available.
